000 00576nam a2200205Ia 4500
003 GCL
008 140319s9999 xx 000 0 ara d
040 _aGCL /
_cGCL
082 0 4 _a191
_bج هـ
100 1 _aجابر عصفور
245 1 0 _aهوامش على دفتر التنوير /
_cجابر عصفور
260 _a[S.N] :
_bدار سعاد الصباح ،
_c1994
300 _a448 ص
490 _a
650 0 4 _aالادب العربى
650 0 4 _aالفلسفة
650 0 4 _aالفلسفة العربية
650 0 4 _aالتنوير
942 _2ddc
_cBK
999 _c36501
_d36501